00425nam a2200181Ia 4500003000400000005001700004006001900021007000300040008004100043024001000084037001200094040002000106041001300126082001800139100002300157245005400180260000900234OSt20220928150154.0a|||||r|||| 00| 0 ta220927b |||||||| |||| 00| 0 eng d a88855 cTextual aSDCLcSDCLbeng 2engaeng aO15,1B2:g, L2 aMishr Kameswarnath 0aMahabharat mein lokakalyan ki rajakiya yojanayen. c1972